| 000 | 00492nam a22001457a 4500 | ||
|---|---|---|---|
| 082 | _a620.01 | ||
| 100 | _aRana, Kamal Iqbal | ||
| 245 |
_aEffects of Double Bag and Distribution Medium in Vacuum Infusion Process / _cKamal Iqbal Rana |
||
| 260 |
_aIslamabad : _bCEME - NUST, _c2015. |
||
| 300 |
_a154 p. ; _c30cm. |
||
| 650 |
_aMechanical Engineering-MS-Thesis _916090 |
||
| 700 |
_aDr. Syed Waheed-Ul-Haq _918639 |
||
| 942 |
_2ddc _cTHE |
||
| 999 |
_c536481 _d536481 |
||